[Event "Rapid Tournament (RAP)"]
[Site "Biel, CH"]
[Date "2025.07.13"]
[Round "9"]
[White "Pinchetti, Andrea"]
[Black "Klopfenstein, Francois"]
[Result "1-0"]
[Board "37"]
[WhiteFideId "1313800"]
[BlackFideId "1303040"]
[WhiteElo "2026"]
[BlackElo "1835"]
[WhiteTeam "SUI"]
[BlackTeam "SUI"]
[WhiteClock "0:05:09"]
[BlackClock "0:00:00"]
[Variant "Standard"]

1. f4 {[%clk 0:15:08]}  d5 {[%clk 0:14:42]} 2. Nf3 {[%clk 0:15:11]}  Nf6 {[%clk 0:14:28]} 3. e3 {[%clk 0:15:14]}  e6 {[%clk 0:13:14]} 4. b3 {[%clk 0:15:15]}  c5 {[%clk 0:12:42]} 5. Bb2 {[%clk 0:15:18]}  Nc6 {[%clk 0:11:20]} 6. Bb5 {[%clk 0:15:16]}  Bd7 {[%clk 0:11:09]} 7. O-O {[%clk 0:15:12]}  a6 {[%clk 0:10:45]} 8. Bxc6 {[%clk 0:15:15]}  Bxc6 {[%clk 0:10:42]} 9. Ne5 {[%clk 0:15:17]}  d4 {[%clk 0:07:35]} 10. Nxc6 {[%clk 0:15:00]}  bxc6 {[%clk 0:07:36]} 11. Qf3 {[%clk 0:13:59]}  Rc8 {[%clk 0:06:17]} 12. e4 {[%clk 0:14:26]}  Be7 {[%clk 0:05:54]} 13. d3 {[%clk 0:14:07]}  O-O {[%clk 0:05:52]} 14. Nd2 {[%clk 0:14:05]}  Nd7 {[%clk 0:04:20]} 15. a4 {[%clk 0:13:40]}  f5 {[%clk 0:03:53]} 16. Rae1 {[%clk 0:12:15]}  Nb6 {[%clk 0:02:46]} 17. a5 {[%clk 0:12:42]}  fxe4 {[%clk 0:02:47]} 18. dxe4 {[%clk 0:12:37]}  Nd7 {[%clk 0:02:33]} 19. Nc4 {[%clk 0:12:28]}  Qc7 {[%clk 0:02:18]} 20. Qg4 {[%clk 0:12:05]}  Rf6 {[%clk 0:02:11]} 21. g3 {[%clk 0:11:02]}  Rg6 {[%clk 0:02:07]} 22. Qf3 {[%clk 0:10:33]}  Rf8 {[%clk 0:02:06]} 23. Kh1 {[%clk 0:10:10]}  Bg5 {[%clk 0:01:37]} 24. Bc1 {[%clk 0:09:01]}  e5 {[%clk 0:00:12]} 25. f5 {[%clk 0:07:47]}  Bxc1 {[%clk 0:01:13]} 26. Rxc1 {[%clk 0:07:44]}  Rgf6 {[%clk 0:01:16]} 27. g4 {[%clk 0:07:27]}  h6 {[%clk 0:01:10]} 28. h4 {[%clk 0:07:12]}  g5 {[%clk 0:00:51]} 29. hxg5 {[%clk 0:07:11]}  hxg5 {[%clk 0:00:54]} 30. Kg2 {[%clk 0:07:11]}  Rh6 {[%clk 0:00:49]} 31. Rh1 {[%clk 0:06:59]}  Rff6 {[%clk 0:00:40]} 32. Qg3 {[%clk 0:06:55]}  Kg7 {[%clk 0:00:34]} 33. Qd3 {[%clk 0:05:16]}  Qb8 {[%clk 0:00:31]} 34. Qd2 {[%clk 0:05:15]}  Qg8 {[%clk 0:00:07]} 35. Qxg5+ {[%clk 0:05:09]}  Kf7 {[%clk 0:00:00]} 36. Qxg8+ {[%clk 0:05:09]} 1-0

[Event "Rapid Tournament (RAP)"]
[Site "Biel, CH"]
[Date "2025.07.13"]
[Round "9"]
[White "Tkhoruk, Roman"]
[Black "Parlak, Selahattin"]
[Result "1-0"]
[Board "38"]
[WhiteFideId "34161589"]
[BlackFideId "1338625"]
[WhiteElo "2004"]
[BlackElo "1768"]
[WhiteTeam "SUI"]
[BlackTeam "SUI"]
[WhiteClock "0:09:15"]
[BlackClock "0:04:34"]
[Variant "Standard"]

1. e4 {[%clk 0:15:08]}  d5 {[%clk 0:15:06]} 2. exd5 {[%clk 0:15:10]}  Qxd5 {[%clk 0:15:11]} 3. Nc3 {[%clk 0:15:12]}  Qd8 {[%clk 0:15:15]} 4. d4 {[%clk 0:15:13]}  Nf6 {[%clk 0:15:18]} 5. h3 {[%clk 0:15:15]}  Bf5 {[%clk 0:15:19]} 6. Nf3 {[%clk 0:15:18]}  Nc6 {[%clk 0:15:22]} 7. Be3 {[%clk 0:15:19]}  e6 {[%clk 0:15:26]} 8. a3 {[%clk 0:15:23]}  Be7 {[%clk 0:15:22]} 9. Bb5 {[%clk 0:15:26]}  O-O {[%clk 0:15:23]} 10. O-O {[%clk 0:15:25]}  Nb8 {[%clk 0:15:17]} 11. Bd3 {[%clk 0:15:26]}  Bg6 {[%clk 0:15:10]} 12. Ne5 {[%clk 0:15:21]}  Nbd7 {[%clk 0:14:57]} 13. Nxg6 {[%clk 0:15:24]}  hxg6 {[%clk 0:14:57]} 14. Ne4 {[%clk 0:15:26]}  Nd5 {[%clk 0:15:00]} 15. c4 {[%clk 0:15:25]}  N5f6 {[%clk 0:14:31]} 16. Nxf6+ {[%clk 0:15:12]}  Bxf6 {[%clk 0:14:16]} 17. b4 {[%clk 0:15:05]}  c6 {[%clk 0:13:59]} 18. Qb3 {[%clk 0:15:01]}  Nb6 {[%clk 0:13:53]} 19. Rad1 {[%clk 0:14:37]}  Qe7 {[%clk 0:13:43]} 20. Bc2 {[%clk 0:14:28]}  Rad8 {[%clk 0:13:32]} 21. a4 {[%clk 0:14:28]}  Nd7 {[%clk 0:12:32]} 22. Rfe1 {[%clk 0:14:24]}  Bg5 {[%clk 0:12:35]} 23. a5 {[%clk 0:14:16]}  Bxe3 {[%clk 0:12:35]} 24. Rxe3 {[%clk 0:14:15]}  Qf6 {[%clk 0:12:18]} 25. Rf3 {[%clk 0:14:01]}  Qh4 {[%clk 0:12:08]} 26. Qe3 {[%clk 0:13:42]}  Nf6 {[%clk 0:11:45]} 27. Rf4 {[%clk 0:13:31]}  Qh5 {[%clk 0:11:14]} 28. Qf3 {[%clk 0:13:17]}  Qh6 {[%clk 0:10:36]} 29. Qe3 {[%clk 0:12:55]}  Qh5 {[%clk 0:10:00]} 30. Qf3 {[%clk 0:12:45]}  Qg5 {[%clk 0:09:56]} 31. h4 {[%clk 0:12:45]}  Qh6 {[%clk 0:09:59]} 32. g3 {[%clk 0:12:37]}  Nh5 {[%clk 0:09:09]} 33. Re4 {[%clk 0:12:20]}  Nf6 {[%clk 0:09:02]} 34. Re2 {[%clk 0:12:11]}  Rd7 {[%clk 0:08:14]} 35. Qe3 {[%clk 0:12:02]}  Qh5 {[%clk 0:08:11]} 36. Qe5 {[%clk 0:11:24]}  Qg4 {[%clk 0:07:50]} 37. Kg2 {[%clk 0:11:24]}  Rfd8 {[%clk 0:07:45]} 38. f3 {[%clk 0:10:45]}  Qh5 {[%clk 0:07:12]} 39. Qxh5 {[%clk 0:10:44]}  gxh5 {[%clk 0:06:41]} 40. Red2 {[%clk 0:10:29]}  a6 {[%clk 0:06:56]} 41. Ba4 {[%clk 0:10:20]}  Rc7 {[%clk 0:06:22]} 42. Kf2 {[%clk 0:10:17]}  Ne8 {[%clk 0:06:23]} 43. Bb3 {[%clk 0:10:17]}  Nd6 {[%clk 0:06:25]} 44. d5 {[%clk 0:10:01]}  exd5 {[%clk 0:06:27]} 45. cxd5 {[%clk 0:10:05]}  c5 {[%clk 0:06:15]} 46. Rc2 {[%clk 0:09:39]}  c4 {[%clk 0:06:20]} 47. Ba2 {[%clk 0:09:38]}  Rdc8 {[%clk 0:06:23]} 48. Rd4 {[%clk 0:09:34]}  c3 {[%clk 0:06:21]} 49. Bb3 {[%clk 0:09:13]}  Nb5 {[%clk 0:05:57]} 50. Rd3 {[%clk 0:09:11]}  Rd8 {[%clk 0:05:51]} 51. Ba4 {[%clk 0:08:59]}  Rcd7 {[%clk 0:04:57]} 52. Bxb5 {[%clk 0:08:57]}  axb5 {[%clk 0:05:00]} 53. Rcxc3 {[%clk 0:08:57]}  Rxd5 {[%clk 0:05:03]} 54. Rxd5 {[%clk 0:09:00]}  Rxd5 {[%clk 0:05:05]} 55. Rc5 {[%clk 0:09:00]}  Rd2+ {[%clk 0:04:30]} 56. Ke3 {[%clk 0:09:01]}  Rd7 {[%clk 0:04:26]} 57. Rxb5 {[%clk 0:09:04]}  g6 {[%clk 0:04:30]} 58. Rb6 {[%clk 0:09:03]}  Kf8 {[%clk 0:04:33]} 59. b5 {[%clk 0:09:03]}  Ke8 {[%clk 0:04:30]} 60. a6 {[%clk 0:09:05]}  bxa6 {[%clk 0:04:33]} 61. bxa6 {[%clk 0:09:09]}  Kd8 {[%clk 0:04:35]} 62. Rb8+ {[%clk 0:09:11]}  Ke7 {[%clk 0:04:34]} 63. Rb7 {[%clk 0:09:15]} 1-0

[Event "Rapid Tournament (RAP)"]
[Site "Biel, CH"]
[Date "2025.07.13"]
[Round "9"]
[White "Leonov, Leonid"]
[Black "Berger, Vincent"]
[Result "1-0"]
[Board "39"]
[WhiteFideId "1698052"]
[BlackFideId "1317822"]
[WhiteElo "1894"]
[BlackElo "2002"]
[WhiteTeam "AUT"]
[BlackTeam "SUI"]
[WhiteClock "0:01:23"]
[BlackClock "0:00:27"]
[Variant "Standard"]

1. e4 {[%clk 0:15:07]}  g6 {[%clk 0:15:05]} 2. d4 {[%clk 0:15:11]}  Bg7 {[%clk 0:15:08]} 3. Nf3 {[%clk 0:15:10]}  d6 {[%clk 0:15:08]} 4. Bc4 {[%clk 0:15:13]}  Nc6 {[%clk 0:14:54]} 5. O-O {[%clk 0:14:42]}  e5 {[%clk 0:14:17]} 6. dxe5 {[%clk 0:14:19]}  dxe5 {[%clk 0:13:54]} 7. h3 {[%clk 0:11:35]}  Nge7 {[%clk 0:13:03]} 8. Qe2 {[%clk 0:10:24]}  Nd4 {[%clk 0:12:00]} 9. Nxd4 {[%clk 0:10:27]}  exd4 {[%clk 0:12:04]} 10. e5 {[%clk 0:09:55]}  O-O {[%clk 0:12:02]} 11. e6 {[%clk 0:09:59]}  f5 {[%clk 0:08:15]} 12. Nd2 {[%clk 0:09:30]}  a6 {[%clk 0:08:12]} 13. a4 {[%clk 0:09:09]}  Kh8 {[%clk 0:07:33]} 14. Nf3 {[%clk 0:09:12]}  h6 {[%clk 0:07:05]} 15. Ne5 {[%clk 0:09:16]}  Kh7 {[%clk 0:07:02]} 16. Nf7 {[%clk 0:09:07]}  Qe8 {[%clk 0:06:55]} 17. Bf4 {[%clk 0:08:45]}  Qc6 {[%clk 0:04:54]} 18. Bb3 {[%clk 0:08:30]}  b6 {[%clk 0:04:24]} 19. Be5 {[%clk 0:06:46]}  Bb7 {[%clk 0:04:18]} 20. f3 {[%clk 0:06:45]}  Rae8 {[%clk 0:03:38]} 21. Bxg7 {[%clk 0:06:41]}  Kxg7 {[%clk 0:03:40]} 22. Qe5+ {[%clk 0:06:34]}  Kh7 {[%clk 0:03:19]} 23. Qf4 {[%clk 0:06:37]}  g5 {[%clk 0:02:49]} 24. Qxd4 {[%clk 0:06:19]}  Ng6 {[%clk 0:02:15]} 25. Qf6 {[%clk 0:06:08]}  Qc5+ {[%clk 0:01:48]} 26. Kh1 {[%clk 0:06:05]}  Bd5 {[%clk 0:01:31]} 27. Bxd5 {[%clk 0:05:07]}  Qxd5 {[%clk 0:01:35]} 28. Rae1 {[%clk 0:05:11]}  g4 {[%clk 0:01:27]} 29. fxg4 {[%clk 0:04:54]}  fxg4 {[%clk 0:01:30]} 30. e7 {[%clk 0:02:57]}  Rg8 {[%clk 0:01:33]} 31. Re5 {[%clk 0:02:06]}  Qc4 {[%clk 0:01:17]} 32. Rh5 {[%clk 0:01:52]}  Rg7 {[%clk 0:00:23]} 33. Rxh6+ {[%clk 0:01:48]}  Kg8 {[%clk 0:00:26]} 34. Rxg6 {[%clk 0:01:44]}  Qxf1+ {[%clk 0:00:19]} 35. Qxf1 {[%clk 0:01:46]}  Rxg6 {[%clk 0:00:30]} 36. Qf5 {[%clk 0:01:26]}  Kg7 {[%clk 0:00:24]} 37. Ne5 {[%clk 0:01:20]}  Rf6 {[%clk 0:00:27]} 38. Qg5+ {[%clk 0:01:23]} 1-0

[Event "Rapid Tournament (RAP)"]
[Site "Biel, CH"]
[Date "2025.07.13"]
[Round "9"]
[White "Doxarve, Nils"]
[Black "Trubini, Timon"]
[Result "1-0"]
[Board "40"]
[WhiteFideId "1340000"]
[BlackFideId "1347799"]
[WhiteElo "1990"]
[BlackElo "1743"]
[WhiteTeam "SUI"]
[BlackTeam "SUI"]
[WhiteClock "0:00:32"]
[BlackClock "0:05:13"]
[Variant "Standard"]

1. e4 {[%clk 0:15:02]}  c5 {[%clk 0:15:10]} 2. Nf3 {[%clk 0:15:06]}  d6 {[%clk 0:15:14]} 3. d4 {[%clk 0:15:10]}  cxd4 {[%clk 0:15:19]} 4. Nxd4 {[%clk 0:15:13]}  Nf6 {[%clk 0:15:23]} 5. Nc3 {[%clk 0:15:15]}  a6 {[%clk 0:15:28]} 6. h4 {[%clk 0:15:19]}  e5 {[%clk 0:15:29]} 7. Nb3 {[%clk 0:15:22]}  Be6 {[%clk 0:15:31]} 8. f4 {[%clk 0:15:26]}  exf4 {[%clk 0:14:59]} 9. Bxf4 {[%clk 0:15:27]}  Be7 {[%clk 0:15:03]} 10. Be2 {[%clk 0:14:25]}  Nc6 {[%clk 0:14:58]} 11. Qd2 {[%clk 0:14:17]}  Ne5 {[%clk 0:13:54]} 12. O-O-O {[%clk 0:14:00]}  O-O {[%clk 0:13:57]} 13. Nd4 {[%clk 0:11:06]}  Bg4 {[%clk 0:13:35]} 14. Bxg4 {[%clk 0:10:51]}  Nfxg4 {[%clk 0:13:14]} 15. Nf5 {[%clk 0:09:21]}  Nc4 {[%clk 0:09:51]} 16. Qe2 {[%clk 0:03:34]}  Nge5 {[%clk 0:09:24]} 17. Bxe5 {[%clk 0:03:05]}  Nxe5 {[%clk 0:09:28]} 18. Nd5 {[%clk 0:03:09]}  Nc6 {[%clk 0:08:38]} 19. Ndxe7+ {[%clk 0:02:21]}  Nxe7 {[%clk 0:08:42]} 20. Rxd6 {[%clk 0:02:25]}  Qc7 {[%clk 0:08:46]} 21. Nxe7+ {[%clk 0:01:37]}  Qxe7 {[%clk 0:08:50]} 22. Qd3 {[%clk 0:01:40]}  Rad8 {[%clk 0:08:16]} 23. e5 {[%clk 0:01:44]}  f6 {[%clk 0:07:49]} 24. Rd1 {[%clk 0:01:23]}  Rxd6 {[%clk 0:07:02]} 25. exd6 {[%clk 0:01:27]}  Qd7 {[%clk 0:07:06]} 26. h5 {[%clk 0:01:24]}  Rd8 {[%clk 0:06:59]} 27. h6 {[%clk 0:01:27]}  g6 {[%clk 0:07:00]} 28. Qd5+ {[%clk 0:01:26]}  Qf7 {[%clk 0:06:52]} 29. c4 {[%clk 0:00:56]}  Qxd5 {[%clk 0:06:40]} 30. Rxd5 {[%clk 0:00:59]}  Kf7 {[%clk 0:06:44]} 31. c5 {[%clk 0:00:57]}  Ke6 {[%clk 0:06:43]} 32. Rd3 {[%clk 0:00:57]}  b6 {[%clk 0:05:49]} 33. b4 {[%clk 0:00:56]}  a5 {[%clk 0:05:43]} 34. cxb6 {[%clk 0:00:27]}  axb4 {[%clk 0:05:32]} 35. b7 {[%clk 0:00:31]}  Kd7 {[%clk 0:05:32]} 36. Rb3 {[%clk 0:00:16]}  Kxd6 {[%clk 0:05:13]} 37. Rd3+ {[%clk 0:00:32]} 1-0

[Event "Rapid Tournament (RAP)"]
[Site "Biel, CH"]
[Date "2025.07.13"]
[Round "9"]
[White "Kwiatkowski, Maciej"]
[Black "Gunzinger, Severin"]
[Result "0-1"]
[Board "41"]
[WhiteFideId "1360175"]
[BlackFideId "1362518"]
[WhiteElo "1982"]
[BlackElo "1707"]
[WhiteTeam "SUI"]
[BlackTeam "SUI"]
[WhiteClock "0:00:15"]
[BlackClock "0:04:40"]
[Variant "Standard"]

1. e4 {[%clk 0:15:09]}  c5 {[%clk 0:15:08]} 2. Nf3 {[%clk 0:15:12]}  e6 {[%clk 0:15:11]} 3. Bc4 {[%clk 0:15:04]}  d5 {[%clk 0:15:09]} 4. exd5 {[%clk 0:15:07]}  exd5 {[%clk 0:15:12]} 5. Bb5+ {[%clk 0:15:11]}  Bd7 {[%clk 0:15:07]} 6. Qe2+ {[%clk 0:14:42]}  Be7 {[%clk 0:15:04]} 7. O-O {[%clk 0:14:44]}  Bxb5 {[%clk 0:14:58]} 8. Qxb5+ {[%clk 0:14:47]}  Qd7 {[%clk 0:15:01]} 9. Nc3 {[%clk 0:14:29]}  Nf6 {[%clk 0:14:35]} 10. Ne5 {[%clk 0:13:23]}  Qxb5 {[%clk 0:14:14]} 11. Nxb5 {[%clk 0:13:27]}  Na6 {[%clk 0:14:00]} 12. d4 {[%clk 0:12:45]}  O-O {[%clk 0:13:54]} 13. Bg5 {[%clk 0:11:53]}  Rfd8 {[%clk 0:13:26]} 14. Rfe1 {[%clk 0:11:32]}  h6 {[%clk 0:13:12]} 15. Bh4 {[%clk 0:10:03]}  g5 {[%clk 0:13:09]} 16. Bg3 {[%clk 0:10:06]}  Ne4 {[%clk 0:13:06]} 17. Rad1 {[%clk 0:07:42]}  Nxg3 {[%clk 0:12:52]} 18. hxg3 {[%clk 0:07:41]}  Bf6 {[%clk 0:12:36]} 19. dxc5 {[%clk 0:05:57]}  Rac8 {[%clk 0:11:36]} 20. Nd6 {[%clk 0:04:24]}  Rxc5 {[%clk 0:09:12]} 21. Nxb7 {[%clk 0:04:27]}  Rxc2 {[%clk 0:09:07]} 22. Nxd8 {[%clk 0:04:29]}  Bxd8 {[%clk 0:09:09]} 23. Rxd5 {[%clk 0:04:02]}  Bb6 {[%clk 0:09:08]} 24. Nd3 {[%clk 0:04:04]}  Rd2 {[%clk 0:07:13]} 25. Re8+ {[%clk 0:01:12]}  Kg7 {[%clk 0:07:57]} 26. a3 {[%clk 0:00:24]}  Nc7 {[%clk 0:07:59]} 27. Red8 {[%clk 0:00:15]}  Nxd5 {[%clk 0:08:03]} 28. Rxd5 {[%clk 0:00:18]}  Bxf2+ {[%clk 0:07:58]} 29. Kf1 {[%clk 0:00:22]}  Bxg3 {[%clk 0:07:57]} 30. b4 {[%clk 0:00:24]}  Bc7 {[%clk 0:07:18]} 31. Rd7 {[%clk 0:00:22]}  Bb6 {[%clk 0:07:19]} 32. g4 {[%clk 0:00:25]}  Kf6 {[%clk 0:07:11]} 33. Nc5 {[%clk 0:00:29]}  Rxd7 {[%clk 0:07:07]} 34. Nxd7+ {[%clk 0:00:33]}  Ke6 {[%clk 0:07:09]} 35. Nxb6 {[%clk 0:00:36]}  axb6 {[%clk 0:07:13]} 36. a4 {[%clk 0:00:41]}  Kd5 {[%clk 0:07:11]} 37. a5 {[%clk 0:00:45]}  bxa5 {[%clk 0:07:14]} 38. bxa5 {[%clk 0:00:49]}  Kc6 {[%clk 0:07:18]} 39. Ke2 {[%clk 0:00:53]}  Kb5 {[%clk 0:07:21]} 40. Ke3 {[%clk 0:00:58]}  Kxa5 {[%clk 0:07:19]} 41. Ke4 {[%clk 0:01:02]}  Kb5 {[%clk 0:07:20]} 42. Kf5 {[%clk 0:01:06]}  Kc4 {[%clk 0:07:20]} 43. Kf6 {[%clk 0:01:10]}  Kd5 {[%clk 0:04:45]} 44. Kxf7 {[%clk 0:00:27]}  Ke5 {[%clk 0:04:39]} 45. Kg6 {[%clk 0:00:30]}  Kf4 {[%clk 0:04:39]} 46. Kh5 {[%clk 0:00:15]}  Kg3 {[%clk 0:04:40]} 0-1

[Event "Rapid Tournament (RAP)"]
[Site "Biel, CH"]
[Date "2025.07.13"]
[Round "9"]
[White "Mikavica, Dragoljub"]
[Black "Boyer, Jean-Francois"]
[Result "1-0"]
[Board "42"]
[WhiteFideId "1308726"]
[BlackFideId "650226"]
[WhiteElo "1980"]
[BlackElo "1697"]
[WhiteTeam "SUI"]
[BlackTeam "FRA"]
[WhiteClock "0:08:34"]
[BlackClock "0:06:01"]
[Variant "Standard"]

1. d4 {[%clk 0:15:09]}  d5 {[%clk 0:15:09]} 2. Nf3 {[%clk 0:15:13]}  Nf6 {[%clk 0:15:08]} 3. g3 {[%clk 0:15:18]}  c6 {[%clk 0:14:59]} 4. Bg2 {[%clk 0:15:21]}  Bf5 {[%clk 0:14:47]} 5. Nbd2 {[%clk 0:15:19]}  Nbd7 {[%clk 0:14:31]} 6. O-O {[%clk 0:15:15]}  Qc7 {[%clk 0:14:32]} 7. Re1 {[%clk 0:15:13]}  e6 {[%clk 0:13:48]} 8. c4 {[%clk 0:15:09]}  Be7 {[%clk 0:13:39]} 9. b3 {[%clk 0:14:59]}  Bb4 {[%clk 0:13:14]} 10. a3 {[%clk 0:14:50]}  Bc3 {[%clk 0:13:17]} 11. Ra2 {[%clk 0:14:39]}  Ne4 {[%clk 0:12:49]} 12. Rf1 {[%clk 0:14:18]}  Ndf6 {[%clk 0:12:21]} 13. Nxe4 {[%clk 0:13:41]}  Nxe4 {[%clk 0:12:12]} 14. Bf4 {[%clk 0:13:37]}  Qd8 {[%clk 0:11:52]} 15. Nh4 {[%clk 0:13:21]}  Bg6 {[%clk 0:11:46]} 16. Nxg6 {[%clk 0:13:21]}  hxg6 {[%clk 0:11:48]} 17. Qd3 {[%clk 0:13:03]}  Ba5 {[%clk 0:11:37]} 18. Bxe4 {[%clk 0:13:03]}  dxe4 {[%clk 0:11:24]} 19. Qxe4 {[%clk 0:13:07]}  O-O {[%clk 0:11:11]} 20. Rd1 {[%clk 0:12:51]}  Re8 {[%clk 0:10:55]} 21. b4 {[%clk 0:12:25]}  Bc7 {[%clk 0:10:53]} 22. Bxc7 {[%clk 0:12:23]}  Qxc7 {[%clk 0:10:56]} 23. Qe5 {[%clk 0:11:54]}  Qd7 {[%clk 0:10:38]} 24. Rad2 {[%clk 0:12:16]}  f6 {[%clk 0:09:46]} 25. Qe4 {[%clk 0:12:14]}  Qf7 {[%clk 0:09:37]} 26. Qf3 {[%clk 0:12:02]}  Rad8 {[%clk 0:07:40]} 27. e4 {[%clk 0:12:02]}  f5 {[%clk 0:07:34]} 28. d5 {[%clk 0:10:26]}  exd5 {[%clk 0:07:28]} 29. exd5 {[%clk 0:10:18]}  cxd5 {[%clk 0:07:26]} 30. Rxd5 {[%clk 0:10:17]}  Rxd5 {[%clk 0:07:14]} 31. Qxd5 {[%clk 0:10:07]}  Re7 {[%clk 0:06:30]} 32. Kf1 {[%clk 0:09:38]}  Kf8 {[%clk 0:06:13]} 33. Qd8+ {[%clk 0:09:33]}  Re8 {[%clk 0:06:17]} 34. Qd6+ {[%clk 0:09:37]}  Qe7 {[%clk 0:06:18]} 35. c5 {[%clk 0:09:34]}  Kf7 {[%clk 0:06:09]} 36. Qd5+ {[%clk 0:08:58]}  Kf6 {[%clk 0:06:12]} 37. Qd4+ {[%clk 0:08:35]}  Kf7 {[%clk 0:06:01]} 38. Qc4+ {[%clk 0:08:34]} 1-0

[Event "Rapid Tournament (RAP)"]
[Site "Biel, CH"]
[Date "2025.07.13"]
[Round "9"]
[White "Binggeli, Christian"]
[Black "Bjarnegard, Henry"]
[Result "1-0"]
[Board "43"]
[WhiteFideId "1307622"]
[BlackFideId "1780662"]
[WhiteElo "1963"]
[BlackElo "1691"]
[WhiteTeam "SUI"]
[BlackTeam "SWE"]
[WhiteClock "0:01:48"]
[BlackClock "0:00:55"]
[Variant "Standard"]

1. d4 {[%clk 0:15:07]}  Nf6 {[%clk 0:13:42]} 2. Bg5 {[%clk 0:15:07]}  d5 {[%clk 0:13:45]} 3. Bxf6 {[%clk 0:15:08]}  exf6 {[%clk 0:13:44]} 4. e3 {[%clk 0:15:11]}  Bd6 {[%clk 0:13:42]} 5. c4 {[%clk 0:15:04]}  dxc4 {[%clk 0:13:37]} 6. Bxc4 {[%clk 0:14:56]}  O-O {[%clk 0:13:40]} 7. Ne2 {[%clk 0:14:34]}  Nc6 {[%clk 0:13:35]} 8. O-O {[%clk 0:14:27]}  Re8 {[%clk 0:13:21]} 9. Nbc3 {[%clk 0:14:26]}  Bf5 {[%clk 0:13:05]} 10. Ng3 {[%clk 0:13:55]}  Bg6 {[%clk 0:13:07]} 11. Bb5 {[%clk 0:12:44]}  f5 {[%clk 0:12:27]} 12. d5 {[%clk 0:11:37]}  a6 {[%clk 0:12:25]} 13. dxc6 {[%clk 0:11:38]}  axb5 {[%clk 0:12:29]} 14. cxb7 {[%clk 0:11:40]}  Rb8 {[%clk 0:12:27]} 15. Nxb5 {[%clk 0:11:04]}  Bxg3 {[%clk 0:12:13]} 16. hxg3 {[%clk 0:10:57]}  Rxb7 {[%clk 0:11:59]} 17. Qe2 {[%clk 0:09:50]}  Qb8 {[%clk 0:11:32]} 18. a4 {[%clk 0:09:27]}  c6 {[%clk 0:11:24]} 19. Nd4 {[%clk 0:09:24]}  Rxb2 {[%clk 0:11:19]} 20. Qf3 {[%clk 0:09:14]}  f4 {[%clk 0:09:02]} 21. Qxf4 {[%clk 0:08:34]}  Qxf4 {[%clk 0:08:25]} 22. gxf4 {[%clk 0:08:37]}  c5 {[%clk 0:08:14]} 23. Nf3 {[%clk 0:08:00]}  f6 {[%clk 0:07:36]} 24. Rfc1 {[%clk 0:07:43]}  Rc8 {[%clk 0:07:09]} 25. a5 {[%clk 0:07:42]}  Rb7 {[%clk 0:06:55]} 26. a6 {[%clk 0:07:16]}  Ra7 {[%clk 0:06:35]} 27. Ra5 {[%clk 0:07:03]}  Bd3 {[%clk 0:06:40]} 28. Raxc5 {[%clk 0:06:48]}  Rxc5 {[%clk 0:06:32]} 29. Rxc5 {[%clk 0:06:52]}  Rxa6 {[%clk 0:06:22]} 30. Rc7 {[%clk 0:06:48]}  h6 {[%clk 0:05:41]} 31. Nd4 {[%clk 0:06:46]}  Ra1+ {[%clk 0:04:35]} 32. Kh2 {[%clk 0:06:49]}  Ra6 {[%clk 0:04:34]} 33. Kg3 {[%clk 0:06:20]}  Bg6 {[%clk 0:04:26]} 34. f5 {[%clk 0:06:08]}  Bf7 {[%clk 0:04:19]} 35. Kf4 {[%clk 0:05:16]}  Ra2 {[%clk 0:03:57]} 36. Rc2 {[%clk 0:04:58]}  Ra4 {[%clk 0:03:32]} 37. g4 {[%clk 0:04:49]}  Rb4 {[%clk 0:03:22]} 38. f3 {[%clk 0:04:38]}  Ra4 {[%clk 0:03:24]} 39. Kg3 {[%clk 0:04:24]}  Ra6 {[%clk 0:03:19]} 40. Rc3 {[%clk 0:04:06]}  Rb6 {[%clk 0:03:17]} 41. Ne2 {[%clk 0:03:37]}  Rb1 {[%clk 0:02:53]} 42. Nf4 {[%clk 0:03:22]}  Rb7 {[%clk 0:02:31]} 43. Rc8+ {[%clk 0:02:56]}  Kh7 {[%clk 0:02:35]} 44. Ne6 {[%clk 0:02:11]}  Bxe6 {[%clk 0:02:12]} 45. fxe6 {[%clk 0:02:15]}  Re7 {[%clk 0:02:10]} 46. Rc6 {[%clk 0:02:18]}  g5 {[%clk 0:02:01]} 47. f4 {[%clk 0:02:14]}  gxf4+ {[%clk 0:01:37]} 48. exf4 {[%clk 0:02:15]}  Kg6 {[%clk 0:01:20]} 49. f5+ {[%clk 0:02:08]}  Kg5 {[%clk 0:01:15]} 50. Rc8 {[%clk 0:01:57]}  Rg7 {[%clk 0:00:55]} 51. e7 {[%clk 0:01:48]} 1-0

[Event "Rapid Tournament (RAP)"]
[Site "Biel, CH"]
[Date "2025.07.13"]
[Round "9"]
[White "Boillat, Maxime"]
[Black "Corbat, Philippe"]
[Result "0-1"]
[Board "44"]
[WhiteFideId "1344188"]
[BlackFideId "1304496"]
[WhiteElo "1774"]
[BlackElo "1957"]
[WhiteTeam "SUI"]
[BlackTeam "SUI"]
[WhiteClock "0:00:21"]
[BlackClock "0:01:40"]
[Variant "Standard"]

1. e4 {[%clk 0:15:08]}  d5 {[%clk 0:15:07]} 2. exd5 {[%clk 0:15:12]}  Nf6 {[%clk 0:15:10]} 3. d4 {[%clk 0:15:15]}  Bg4 {[%clk 0:15:02]} 4. f3 {[%clk 0:15:19]}  Bf5 {[%clk 0:15:05]} 5. Bb5+ {[%clk 0:15:21]}  Nbd7 {[%clk 0:15:07]} 6. c4 {[%clk 0:15:17]}  e6 {[%clk 0:14:06]} 7. dxe6 {[%clk 0:14:20]}  Bxe6 {[%clk 0:13:49]} 8. Ne2 {[%clk 0:13:49]}  a6 {[%clk 0:13:40]} 9. Bxd7+ {[%clk 0:13:59]}  Qxd7 {[%clk 0:13:29]} 10. Qc2 {[%clk 0:12:35]}  Bb4+ {[%clk 0:12:59]} 11. Bd2 {[%clk 0:11:53]}  Bf5 {[%clk 0:12:20]} 12. Qb3 {[%clk 0:13:26]}  Bxd2+ {[%clk 0:11:53]} 13. Nxd2 {[%clk 0:13:27]}  O-O {[%clk 0:11:02]} 14. O-O {[%clk 0:13:01]}  Rfe8 {[%clk 0:09:58]} 15. Rfe1 {[%clk 0:11:42]}  b6 {[%clk 0:08:46]} 16. d5 {[%clk 0:11:14]}  Qd6 {[%clk 0:09:28]} 17. Qc3 {[%clk 0:10:32]}  Bd7 {[%clk 0:08:06]} 18. Nd4 {[%clk 0:08:48]}  c5 {[%clk 0:07:47]} 19. dxc6 {[%clk 0:10:26]}  Bxc6 {[%clk 0:05:24]} 20. Nf5 {[%clk 0:09:25]}  Qc5+ {[%clk 0:04:30]} 21. Ne3 {[%clk 0:08:59]}  Rad8 {[%clk 0:04:05]} 22. b4 {[%clk 0:07:01]}  Nd5 {[%clk 0:02:54]} 23. bxc5 {[%clk 0:05:55]}  Nxc3 {[%clk 0:02:11]} 24. Nb3 {[%clk 0:05:04]}  bxc5 {[%clk 0:01:26]} 25. Nxc5 {[%clk 0:03:47]}  a5 {[%clk 0:03:22]} 26. Nd5 {[%clk 0:01:50]}  Nxd5 {[%clk 0:03:09]} 27. cxd5 {[%clk 0:01:53]}  Bxd5 {[%clk 0:03:02]} 28. Rxe8+ {[%clk 0:01:53]}  Rxe8 {[%clk 0:03:06]} 29. Kf2 {[%clk 0:01:47]}  g6 {[%clk 0:02:18]} 30. a3 {[%clk 0:01:37]}  Rc8 {[%clk 0:02:35]} 31. Nd7 {[%clk 0:01:18]}  Rc2+ {[%clk 0:02:30]} 32. Kg3 {[%clk 0:01:22]}  Kg7 {[%clk 0:02:28]} 33. Ne5 {[%clk 0:01:05]}  a4 {[%clk 0:02:08]} 34. h4 {[%clk 0:00:57]}  h5 {[%clk 0:02:05]} 35. Rd1 {[%clk 0:00:41]}  Be6 {[%clk 0:02:02]} 36. Rd4 {[%clk 0:01:04]}  f6 {[%clk 0:01:38]} 37. Nc6 {[%clk 0:00:21]}  Rxc6 {[%clk 0:01:40]} 0-1